Lengua castellana y comunicación 2§ medio: texto para el estudiante

Gardado en:
Detalles Bibliográficos
Main Authors: Acosta Arriagada, Sylvia (Author), Coloma Tirapegui, Carmen Julia (Author), Zuñiga Vicencio, Myriam (Author), Iriarte Ramírez, Luis Ignacio (Author)
Outros autores: Montecino Soto, Lésmer Antonio (autor)
Formato: Libro
Idioma:Lingua castelá
Publicado: Santiago Mare Nostrum 2005
Subjects:
Tags: Engadir etiqueta
Sen Etiquetas, Sexa o primeiro en etiquetar este rexistro!

MARC

LEADER 00000nam a2200000 a 4500
001 UCJ0466
003 CL-VaPUC
008 060804e20050000CL |||||||||||||||||spa|d
020 |a 9562940527 
082 0 4 |a 407.12  |b ACO  |2 21 
100 0 |a Acosta Arriagada, Sylvia  |e author  |9 500649 
700 |a Montecino Soto, Lésmer Antonio  |e autor  |9 543161 
700 0 |a Coloma Tirapegui, Carmen Julia  |e author  |9 500651 
700 0 |a Zuñiga Vicencio, Myriam  |e author  |9 500652 
700 0 |a Iriarte Ramírez, Luis Ignacio  |e author  |9 500653 
245 1 0 |a Lengua castellana y comunicación 2§ medio: texto para el estudiante 
300 |a 256 p 
942 |c BK 
945 |d 20060804 00:00:00  |a jtorresc 
260 |a Santiago  |b Mare Nostrum  |c 2005 
650 0 |a Educación lingüística  |9 306506 
650 0 |a Libros de texto  |9 270019 
650 0 |a Métodos de enseñanza  |9 270413 
583 |a last modification  |c 20130306 08:58:17  |k Rodrigo Vera 
999 |c 317300  |d 317298 
952 |0 0  |1 0  |4 0  |6 407_120000000000000_ACO_2005  |7 0  |8 A  |9 393432  |a BIBEDU  |b BIBEDU  |d 2019-11-22  |i 4253906  |o 407.12 ACO 2005  |p 4253906  |r 2019-11-22  |w 2019-11-22  |y BK  |k LIT 
952 |0 0  |1 0  |4 0  |6 407_120000000000000_ACO_2005  |7 0  |8 A  |9 393433  |a BIBEDU  |b BIBEDU  |d 2019-11-22  |i 4253914  |o 407.12 ACO 2005  |p 4253914  |r 2019-11-22  |w 2019-11-22  |y BK  |k LIT 
952 |0 0  |1 0  |4 0  |6 407_120000000000000_ACO_2005  |7 0  |8 A  |9 393434  |a BIBEDU  |b BIBEDU  |d 2019-11-22  |i 4253965  |o 407.12 ACO 2005  |p 4253965  |r 2019-11-22  |w 2019-11-22  |y BK  |k LIT